Statistics for Countries Bordering Russia - One Minute Sprint

Click here to take the quiz!

General Stats

  • This quiz has been taken 26 times
  • The average score is 8 of 11

Answer Stats

country% Correct
Estonia
100%
Finland
91%
Norway
82%
North Korea
73%
China
64%
Kazakhstan
64%
Mongolia
64%
Ukraine
59%
Azerbaijan
55%
Georgia
55%
Belarus
50%

Score Distribution

Percentile by Number Answered

Percent of People with Each Score

Your Score History

You have not taken this quiz